000 00659cam a2200253 4500
008 090401t1997 xxu||||| |||| 00| 0 eng d
020 _a0860174778
035 _a(Sirsi) u83354
041 _aeng
050 _a627.73
100 _aBates, A.D.
245 _aInland dredging : guidance on good practice.
260 _aLondon
_bCIRIA
_c1997
300 _a181p. : ill. ; 30cm.
350 _a68
490 _aCIRIA Report
_v169
650 _aDREDGING
650 _aINLAND WATERWAYS
690 _aWATER
700 _aHooper, A.G.
710 _aConstruction Industry Research and Information Association
_94810
942 _n0
948 _c27/01/1998
999 _c96888
_d96888